Statistiques concernant Pays dans des carrés de la carte du monde.

Cliquez ici pour prendre le quiz!

Statistiques générales

  • Ce quiz a été pris 767 fois
  • Le résultat moyen est 117 sur 124

Réponses sur la Carte

Les réponses sont colorées sur une échelle allant du rouge au vert en fonction du pourcentage des utilisateurs qui les ont devinées à leur premier essai. Vous pouvez retrouver ces pourcentages ci-dessous.
 

Statistiques - réponses

Box% Correct
Colombie | Venezuela | Brésil | Guyana | France | Trinité-et-Tobago | Suriname
100%
États-Unis | Canada
100%
République Dominicaine | États-Unis | Grenade | Trinité-et-Tobago | Antigua-et-Barbuda | Saint-Christophe-et-Niévès | Saint-Vincent-et-les-Grenadines | Barbade | Venezuela | Pays-Bas | France | Ste-Lucie | Dominique
100%
Argentine | Uruguay | Brésil
99%
Australie | France | Vanuatu
99%
Brésil
99%
Brésil | Bolivie | Pérou
99%
Brésil | Paraguay | Argentine | Chili | Bolivie
99%
Canada
99%
Canada | Danemark
99%
Chine | Bhoutan | Bangladesh | Inde | Birmanie
99%
Chine | Taiwan | Corée du Sud | Japon
99%
Costa Rica | Panama | Colombie | Venezuela | Brésil | Pérou | Équateur
99%
Equateur | Pérou | Brésil | Colombie | Bolivie
99%
États-Unis
99%
États-Unis | Bahamas
99%
États-Unis | Mexique
99%
Inde | Bangladesh | Birmanie | Thaïlande | Laos | Chine | Vietnam | Cambodge
99%
Norvège | Suède | Finlande | Russie
99%
Norvège | Suède | Finlande | Russie | Estonie | Lettonie | Lituanie | Biélorussie | Ukraine | Pologne | Danemark | Allemagne
99%
Portugal | Espagne | France | Andorre | Monaco | Royaume-Uni | Italie | Suisse | Liechtenstein | Autriche | Allemagne | Belgique | Pays-Bas | Luxembourg
99%
Russie
99%
Russie | Chine
99%
Russie | Chine | Japon
99%
Russie | Chine | Mongolie
99%
Russie | Chine | Mongolie | Corée du Sud | Corée du Nord
99%
Russie | Finlande | Biélorussie | Ukraine | Kazakhstan
99%
Russie | Kazakhstan
99%
Russie | Kazakhstan | Kirghizistan | Tadjikistan | Ouzbékistan | Afghanistan | Chine | Mongolie
99%
Russie | Kazakhstan | Turkménistan | Tadjikistan | Ouzbékistan | Iran | Kirghizistan | Afghanistan
99%
Russie | Mongolie
99%
Tadjikistan | Pakistan | Afghanistan | Inde | Chine | Népal | Bangladesh | Bhoutan
99%
Ukraine | Russie | Arménie | Géorgie | Azerbaidjan | Turquie | Iran
99%
Algérie | Mali | Mauritanie | Guinée | Burkina Faso | Ghana | Togo | Benin | Nigeria | Niger
98%
Allemagne | Slovaquie | Tchéquie | Pologne | Ukraine | Moldavie | Roumanie | Bulgarie | Grèce | Turquie | Macédoine | Italie | Vatican | Saint-Marin | Slovénie | Autriche | Hongrie | Croatie | Bosnie-Herzégovine | Albanie | Monténégro | Kosovo | Serbie
98%
Arabie Saoudite | Émirats Arabes Unis | Oman | Yemen | Inde | Pakistan
98%
Australie
98%
Australie | Indonésie | Papouasie-Nouvelle-Guinée
98%
Australie | Indonésie | Timor Oriental
98%
Chine | Taiwan | Philippines
98%
Cuba | Bahamas | République Dominicaine | Haïti | Jamaïque | Belize | Guatemala | Honduras | Salvador | Nicaragua | Costa Rica | Colombie | Venezuela | Pays-Bas | Mexique
98%
Espagne | Portugal | Maroc | Mauritanie | Algérie | Tunisie | Mali | Libye
98%
Inde | Bangladesh
98%
Inde | Sri Lanka | Maldives
98%
Iran | Turkménistan | Afghanistan | Pakistan | Tadjikistan | Ouzbékistan | Qatar | Arabie Saoudite | Émirats Arabes Unis | Oman | Inde
98%
Irlande | Royaume-Uni | Belgique | Pays-Bas | Allemagne | Danemark | Norvège
98%
Libye | Égypte | Soudan | Tchad | Nigeria | Niger | Cameroun | Algérie
98%
Mexique
98%
Mexique | Guatemala | Salvador
98%
Namibie | Angola | Zambie | Zimbabwe | Afrique du Sud | Lesotho | Botswana
98%
Pérou | Bolivie | Chili | Argentine
98%
Soudan | Soudan du Sud | R.D. du Congo | Congo | Rwanda | Ouganda | République Centrafricaine | Tchad | Cameroun | Nigeria | Gabon | Guinée Équatoriale| Burundi | Tanzanie
98%
Tunisie | Italie | Malte | Grèce | Turquie | Égypte | Libye
98%
Turquie | Syrie | Chypre | Égypte | Israël | Liban | Jordanie | Arabie Saoudite | Koweit | Irak | Iran | Bahrein
98%
Afrique du Sud | Lesotho
97%
Cap-Vert | Maroc | Mauritanie | Mali | Sénégal | Gambie | Guinée | Guinée-Bissau
97%
Chili | Argentine
97%
Égypte | Soudan | Soudan du Sud | Érythrée | Djibouti | Somalie | Éthiopie | Arabie Saoudite | Yemen
97%
Malawi | Mozambique | Madagascar | Zimbabwe | Eswatini | Afrique de Sud
97%
Congo | R.D. du Congo | Burundi | Rwanda | Tanzanie | Angola | Zambie | Zimbabwe | Mozambique | Gabon
96%
Danemark | Islande
96%
Guinée | Libéria | Ivory Coast | Mali | Burkina Faso | Ghana | Togo | Benin | Nigeria | Cameroun | Gabon | Sao Tomé-et-Príncipe | Guinée Équatoriale
96%
Kenya | Tanzanie | Mozambique | Comores | Madagascar | Malawi | Zambie
96%
Maroc | Mauritanie
95%
Maurice | France (Réunion)
95%
Philippines | Brunei | Malaisie | Indonésie
95%
Soudan | Soudan de Sud | Éthiopie | Kenya | Ouganda | Tanzanie | Somalie
95%
Birmanie | Malaisie | Thaïlande | Singapour | Indonésie
94%
Nouvelle-Zélande
94%
Japon
93%
Nouvelle-Zélande
93%
Danemark
92%
Indonésie
91%
Palaos | Micronésie | Indonésie
91%
Islande | Irlande
88%
Guinée | Sierra Leone | Libéria
81%
Micronésie | Nauru | Marshall | Kiribati
77%
Kiribati | Tuvalu | Samoa
76%
Papouasie-Nouvelle-Guinée | Salomon | Vanuatu
75%
Fidji | Tonga
74%
Kiribati | Marshall
70%
Seychelles
67%
Kiribati
65%
Micronésie
65%
Marshall
54%
Équateur
51%

Distribution des résultats

Percentile par nombre de réponses

% des personnes avec chaque résultat

Votre développement - résultats

Vous n’avez pas pris ce quiz